Countries in Africa - Statistics

General Stats
  • This quiz has been taken 130 times
  • The average score is 32 of 54
Answers on the Grid
Answers color-coded by a green-red scale on the quiz's grid according to % correct below.
Zimbabwe
Zambia
Uganda
Tunisia
Togo
Tanzania
Sudan
Sri Lanka
South Sudan
South Africa
Somalia
Sierra Leone
Seychelles
Senegal
Sao Tome and the principle
Rwanda
Romania
Palau
Nigeria
Niger
Nicaragua
Nauru
Namibia
Mozambique
Morocco
Mauritius
Mauritania
Mali
Maldives
Malawi
Madagascar
Libya
Liberia
Lesotho
Kenya
Ivory Coast
Iraq
Iran
Indonesia
Guyana
Guinea Bissau
Guinea
Ghana
Gambia
Gabon
Ethiopia
Eswatini
Eritrea
Equatorial Guinea
Egypt
Dominican Republic
Djibouti
Democratic republic of the Congo
Cuba
Congo
Comoros
China
Chad
Central African Republic
Cape Verde
Cameroon
Burundi
Burkina Faso
Botswana
Benin
Australia
Argentina
Angola
Andorra
Algeria
 
Answer Stats
Answer % Correct
Zimbabwe
95%
Somalia
89%
Tanzania
89%
Zambia
86%
Sudan
84%
Nigeria
81%
Rwanda
81%
Sierra Leone
78%
Tunisia
78%
Niger
76%
South Africa
76%
South Sudan
76%
Uganda
76%
Senegal
73%
Madagascar
68%
Seychelles
68%
Morocco
65%
Mozambique
65%
Namibia
65%
Togo
65%
Ethiopia
59%
Ivory Coast
59%
Mali
57%
Mauritania
57%
Mauritius
57%
Sao Tome and the principle
57%
Cameroon
54%
Kenya
54%
Libya
54%
Chad
51%
Democratic republic of the Congo
51%
Malawi
51%
Algeria
49%
Angola
49%
Botswana
49%
Congo
49%
Djibouti
49%
Eritrea
49%
Ghana
49%
Guinea Bissau
49%
Lesotho
49%
Liberia
49%
Burkina Faso
46%
Central African Republic
46%
Eswatini
46%
Cape Verde
43%
Comoros
43%
Egypt
43%
Equatorial Guinea
43%
Gabon
43%
Gambia
43%
Guinea
43%
Burundi
41%
Benin
38%
No matching quizzes found
Score Distribution
Percent of People with Each Score
Percentile by Number Answered
Your Score History
You have not taken this quiz